01281njm a2200277Ia 450000100060000000300090000600500170001500800410003204000130007304000130008610000190009910000180011810000370013624500840017325000110025726000090026826000630027730000170034050001460035750500900050365000570059370000760065070000840072670001130081070000800092358101IT-RoPAU20220918181138.0131025s9999 xx 000 0 und d aIT-RoPAU cIT-RoPAU aBranchi Walter eAutore musica gCodice autore musica SPICS: 8852 aDopo la musica elettronica: progetto 14 Unesco creazione artistica e tecnologia a1a ed. aROMA bSPICS RECORDSc1981 [1a Ed.:1981 - Ed. Lingua Orig.: 1981] aMUSICASSETTA aMusica contemporanea, sperimentale. Modulazione di frequenza: la dinamica degli spettri sonori la voce sintetica ovvero la macchina parlante. aAndrogyny - In Celebration - Gentleman Star Your Engines - Perfect Days - Mar ri Ia a aCONTEMPORANEO [CASSETTE]eCodice MATERIA SPICS: 9951 aTruax BarrydCodice autore musica SPICS: 5799eAutore musicapAndrogyny aDodge CharlesdCodice autore musica SPICS: 22117eAutore musicapIn Celebration aMoorer James A.dCodice autore musica SPICS: 5793eAutore musicapGentleman Star Your Engines - Perfect Days aOlive JosephdCodice autore musica SPICS: 22118eAutore musicapMar ri Ia a